000 00472nam a22001457a 4500
999 _c8080
_d8080
003 OSt
005 20200706115345.0
008 200706b ||||| |||| 00| 0 eng d
020 _a9781864707281
082 _a690
_bCHO
100 _a Choi, Hi Sun; Joseph, Leonard M.; Mathias, Neville,; Ho, Goman,
245 _aOutrigger design for high-rise buildings : an output of the CTBUH Outrigger Working Group
260 _aAustralia
_bImages Publishing Dist Ac
_c2016
942 _2ddc